000
00288nam a22001337a 4500
008
170511b xxu||||| |||| 00| 0 eng d
020
_a
159460214
041
_a
eng
080
_a
342
100
_a
15
101
_a
SHJ
245
_a
DECEDENTS' ESTATES
_c
O'BRIEN , R.C
942
_2
udc
_c
BK
999
_c
13139
_d
13139